| 000 | 00000nam 2200000zi 4500 |
| 001 | 9.878872 |
| 003 | CaOODSP |
| 005 | 20221107165347 |
| 006 | m o d f |
| 007 | cr cn||||||||| |
| 008 | 190904e201910 onca ob f000 0 eng d |
| 020 | |a9780660325132 |
| 040 | |aCaOODSP|beng|erda|cCaOODSP |
| 043 | |an-cn--- |
| 086 | 1 |aH14-336/2019E-PDF |
| 245 | 00|aHealth Canada data strategy. |
| 264 | 1|aOttawa, ON : |bHealth Canada = Santé Canada, |cOctober 2019. |
| 264 | 4|c©2019 |
| 300 | |a1 online resource (47 pages) : |bcolour illustrations |
| 336 | |atext|btxt|2rdacontent |
| 337 | |acomputer|bc|2rdamedia |
| 338 | |aonline resource|bcr|2rdacarrier |
| 500 | |aIssued also in French under title: Stratégie de données de Santé Canada. |
| 500 | |a"Pub.: 190327." |
| 504 | |aIncludes bibliographical references. |
| 610 | 10|aCanada. |bHealth Canada|xPlanning. |
| 650 | 0|aElectronic government information|zCanada|xManagement. |
| 710 | 1 |aCanada. |bHealth Canada, |eissuing body. |
| 775 | 08|tStratégie de données de Santé Canada.|w(CaOODSP)9.878873 |
| 856 | 40|qPDF|s3.53 MB|uhttps://publications.gc.ca/collections/collection_2021/sc-hc/H14-336-2019-eng.pdf |